[Event "Королевский Гамбит. Южный Федеральный округ."]
[Date "2025-11-21"]
[Round "7.9"]
[Board "9"]
[White "Сушилов Антон"]
[WhiteElo "1000"]
[Black "Литвинов Егор"]
[BlackElo "1002"]
[WebSite "https://www.chessopen.ru"]
[GameId "0eb25049-b018-4a17-b9a7-dcaac0f57de2"]
[Result "0-1"]

1. d4 { [%clk 0:09:52] } Nf6 { [%clk 0:10:00] } 2. Nf3 { [%clk 0:09:49] } d5 {
[%clk 0:10:00] } 3. c4 { [%clk 0:09:46] } c6 { [%clk 0:10:00] } 4. e3 { [%clk
0:09:45] } Bg4 { [%clk 0:10:00] } 5. Nc3 { [%clk 0:09:45] } e6 { [%clk 0:10:01]
} 6. h3 { [%clk 0:09:43] } Bxf3 { [%clk 0:10:00] } 7. Be2 { [%clk 0:09:36] }
Bxe2 { [%clk 0:10:00] } 8. Qxe2 { [%clk 0:09:36] } Be7 { [%clk 0:09:59] } 9.
O-O { [%clk 0:09:27] } dxc4 { [%clk 0:09:57] } 10. Qxc4 { [%clk 0:09:27] } Nbd7
{ [%clk 0:09:58] } 11. e4 { [%clk 0:09:16] } Nb6 { [%clk 0:09:58] } 12. Qe2 {
[%clk 0:09:14] } O-O { [%clk 0:09:59] } 13. Qf3 { [%clk 0:08:55] } Qxd4 { [%clk
0:09:54] } 14. Be3 { [%clk 0:08:49] } Qb4 { [%clk 0:09:45] } 15. Rab1 { [%clk
0:08:34] } Rfd8 { [%clk 0:09:30] } 16. a3 { [%clk 0:08:28] } Qc4 { [%clk
0:09:16] } 17. Rfd1 { [%clk 0:08:08] } h6 { [%clk 0:08:57] } 18. Qg3 { [%clk
0:08:02] } Kh7 { [%clk 0:07:54] } 19. e5 { [%clk 0:07:44] } Nfd5 { [%clk
0:07:53] } 20. Nxd5 { [%clk 0:06:52] } Nxd5 { [%clk 0:07:56] } 21. Rbc1 { [%clk
0:06:44] } Qe4 { [%clk 0:07:29] } 22. Rd4 { [%clk 0:06:08] } Qg6 { [%clk
0:07:29] } 23. Rg4 { [%clk 0:05:53] } Bg5 { [%clk 0:06:59] } 24. Bxg5 { [%clk
0:05:47] } hxg5 { [%clk 0:06:58] } 25. Qh4+ { [%clk 0:05:33] } gxh4 { [%clk
0:06:58] } 26. Rxg6 { [%clk 0:05:33] } Kxg6 { [%clk 0:07:00] } 27. Rc4 { [%clk
0:05:21] } Rh8 { [%clk 0:06:45] } 28. f4 { [%clk 0:05:20] } Rad8 { [%clk
0:06:31] } 29. g4 { [%clk 0:05:15] } hxg3 { [%clk 0:06:19] } 30. Kg2 { [%clk
0:04:56] } Ne3+ { [%clk 0:06:10] } 31. Kxg3 { [%clk 0:04:55] } Nxc4 { [%clk
0:06:13] } 32. b4 { [%clk 0:04:44] } Rd3+ { [%clk 0:06:14] } 33. Kf2 { [%clk
0:04:42] } Rhxh3 { [%clk 0:06:14] } 34. Ke2 { [%clk 0:04:42] } Rde3+ { [%clk
0:06:14] } 35. Kf2 { [%clk 0:04:42] } Rh2+ { [%clk 0:06:15] } 36. Kg1 { [%clk
0:04:41] } Ra2 { [%clk 0:06:16] } 37. Kf1 { [%clk 0:04:41] } Rb3 { [%clk
0:06:16] } 38. Kg1 { [%clk 0:04:40] } Rb1# { [%clk 0:06:17] } 0-1

[Event "Королевский Гамбит. Южный Федеральный округ."]
[Date "2025-11-21"]
[Round "7.10"]
[Board "10"]
[White "Вершинин Владислав"]
[WhiteElo "994"]
[Black "Петренко Иван"]
[BlackElo "1001"]
[WebSite "https://www.chessopen.ru"]
[GameId "732753bb-cab3-4c36-ba02-26377ffc1552"]
[Result "1-0"]

1. h4 { [%clk 0:09:59] } d5 { [%clk 0:09:58] } 2. h5 { [%clk 0:09:58] } e6 {
[%clk 0:10:01] } 3. e3 { [%clk 0:09:53] } Nf6 { [%clk 0:09:52] } 4. f4 { [%clk
0:09:53] } Nc6 { [%clk 0:09:43] } 5. d3 { [%clk 0:09:52] } b6 { [%clk 0:09:44]
} 6. Nd2 { [%clk 0:09:49] } Ba6 { [%clk 0:09:38] } 7. e4 { [%clk 0:09:50] }
dxe4 { [%clk 0:09:36] } 8. dxe4 { [%clk 0:09:44] } Qd6 { [%clk 0:08:51] } 9.
Bxa6 { [%clk 0:09:44] } Nb4 { [%clk 0:07:12] } 10. e5 { [%clk 0:09:38] } Qc6 {
[%clk 0:06:50] } 11. exf6 { [%clk 0:09:33] } Nxa6 { [%clk 0:06:52] } 12. fxg7 {
[%clk 0:09:31] } Bxg7 { [%clk 0:06:52] } 13. Qf3 { [%clk 0:09:30] } Qxf3 {
[%clk 0:06:41] } 14. Ngxf3 { [%clk 0:09:29] } Nb4 { [%clk 0:06:43] } 15. Kd1 {
[%clk 0:09:23] } Rd8 { [%clk 0:06:36] } 16. c3 { [%clk 0:09:21] } Nd3 { [%clk
0:06:32] } 17. Kc2 { [%clk 0:09:20] } Nxf4 { [%clk 0:06:28] } 18. Ne4 { [%clk
0:09:17] } Nxg2 { [%clk 0:06:23] } 19. Rg1 { [%clk 0:09:14] } f5 { [%clk
0:05:37] } 20. Rxg2 { [%clk 0:09:12] } fxe4 { [%clk 0:05:37] } 21. Rxg7 { [%clk
0:09:12] } exf3 { [%clk 0:05:37] } 22. Bg5 { [%clk 0:09:11] } Rd7 { [%clk
0:05:28] } 23. Rxd7 { [%clk 0:09:10] } Kxd7 { [%clk 0:05:29] } 24. Rf1 { [%clk
0:09:09] } Rf8 { [%clk 0:05:30] } 25. Bh6 { [%clk 0:09:06] } Rf6 { [%clk
0:05:27] } 26. Bg7 { [%clk 0:09:05] } Rf7 { [%clk 0:05:23] } 27. h6 { [%clk
0:09:05] } c5 { [%clk 0:05:11] } 28. Kd3 { [%clk 0:09:05] } Kc6 { [%clk
0:05:13] } 29. Ke3 { [%clk 0:09:07] } e5 { [%clk 0:04:59] } 30. Rxf3 { [%clk
0:09:08] } Rxf3+ { [%clk 0:04:58] } 31. Kxf3 { [%clk 0:09:10] } Kd5 { [%clk
0:05:01] } 32. Ke3 { [%clk 0:09:11] } e4 { [%clk 0:05:04] } 33. b3 { [%clk
0:09:11] } b5 { [%clk 0:04:58] } 34. a3 { [%clk 0:09:07] } a5 { [%clk 0:04:53]
} 35. b4 { [%clk 0:09:06] } axb4 { [%clk 0:04:50] } 36. axb4 { [%clk 0:09:07] }
cxb4 { [%clk 0:04:46] } 37. cxb4 { [%clk 0:09:08] } Kc4 { [%clk 0:04:48] } 38.
Bf8 { [%clk 0:09:08] } Kd5 { [%clk 0:04:42] } 39. Bc5 { [%clk 0:09:06] } Ke5 {
[%clk 0:04:38] } 40. Ba7 { [%clk 0:08:45] } Kd5 { [%clk 0:04:36] } 41. Kf4 {
[%clk 0:08:25] } Kc4 { [%clk 0:04:34] } 42. Bc5 { [%clk 0:08:12] } Kd3 { [%clk
0:04:27] } 43. Be3 { [%clk 0:07:51] } Kc4 { [%clk 0:04:24] } 44. Kxe4 { [%clk
0:07:45] } Kxb4 { [%clk 0:04:24] } 45. Bd4 { [%clk 0:07:45] } Ka4 { [%clk
0:04:26] } 46. Kf5 { [%clk 0:07:43] } b4 { [%clk 0:04:29] } 47. Kf6 { [%clk
0:07:41] } Ka3 { [%clk 0:04:31] } 48. Kg7 { [%clk 0:07:41] } b3 { [%clk
0:04:32] } 49. Kxh7 { [%clk 0:07:42] } b2 { [%clk 0:04:33] } 50. Bxb2+ { [%clk
0:07:39] } Kxb2 { [%clk 0:04:35] } 51. Kg8 { [%clk 0:07:37] } Kc3 { [%clk
0:04:35] } 52. h7 { [%clk 0:07:25] } Kc4 { [%clk 0:04:38] } 53. h8=Q { [%clk
0:07:18] } Kc5 { [%clk 0:04:40] } 54. Qe5+ { [%clk 0:07:16] } Kc6 { [%clk
0:04:41] } 55. Qd4 { [%clk 0:07:11] } Kc7 { [%clk 0:04:44] } 1-0

[Event "Королевский Гамбит. Южный Федеральный округ."]
[Date "2025-11-21"]
[Round "7.10"]
[Board "10"]
[White "Гейкин Филипп"]
[WhiteElo "1001"]
[Black "Ковалев Богдан"]
[BlackElo "963"]
[WebSite "https://www.chessopen.ru"]
[GameId "c3f23efe-8cb2-4533-af4f-a8f2e329d054"]
[Result "1-0"]

1. e4 { [%clk 0:09:55] } Nf6 { [%clk 0:09:54] } 2. Nc3 { [%clk 0:09:48] } c6 {
[%clk 0:09:46] } 3. d4 { [%clk 0:09:45] } d5 { [%clk 0:09:40] } 4. e5 { [%clk
0:09:41] } Ne4 { [%clk 0:09:36] } 5. Nxe4 { [%clk 0:09:38] } dxe4 { [%clk
0:09:37] } 6. c3 { [%clk 0:09:36] } f6 { [%clk 0:09:32] } 7. Bc4 { [%clk
0:09:33] } b5 { [%clk 0:09:25] } 8. Bb3 { [%clk 0:09:29] } Nd7 { [%clk 0:09:20]
} 9. Ne2 { [%clk 0:09:25] } Rb8 { [%clk 0:09:05] } 10. O-O { [%clk 0:09:15] }
g5 { [%clk 0:09:01] } 11. Ng3 { [%clk 0:09:11] } h5 { [%clk 0:08:39] } 12. Nxe4
{ [%clk 0:09:08] } g4 { [%clk 0:08:25] } 13. Qe2 { [%clk 0:09:02] } f5 { [%clk
0:08:22] } 14. Nd6+ { [%clk 0:08:55] } exd6 { [%clk 0:08:15] } 15. exd6+ {
[%clk 0:08:51] } Be7 { [%clk 0:08:02] } 16. Qe6 { [%clk 0:08:43] } Nf8 { [%clk
0:07:51] } 17. Qf7+ { [%clk 0:08:39] } Kd7 { [%clk 0:07:46] } 18. Qxf5+ { [%clk
0:08:35] } Kxd6 { [%clk 0:07:30] } 19. Bf4# { [%clk 0:08:31] } 1-0

[Event "Королевский Гамбит. Южный Федеральный округ."]
[Date "2025-11-21"]
[Round "7.10"]
[Board "10"]
[White "Морарь Дмитрий"]
[WhiteElo "1047"]
[Black "Имранов Махир"]
[BlackElo "981"]
[WebSite "https://www.chessopen.ru"]
[GameId "69664055-cf16-42a3-84b3-34312e27f13a"]
[Result "1-0"]

1. e4 { [%clk 0:09:57] } Nc6 { [%clk 0:09:37] } 2. d4 { [%clk 0:09:57] } d5 {
[%clk 0:09:26] } 3. e5 { [%clk 0:09:57] } Bf5 { [%clk 0:09:08] } 4. Bb5 { [%clk
0:09:55] } Qd7 { [%clk 0:08:56] } 5. c4 { [%clk 0:09:52] } dxc4 { [%clk
0:08:40] } 6. Nf3 { [%clk 0:09:46] } Bxb1 { [%clk 0:08:29] } 7. Rxb1 { [%clk
0:09:46] } Kd8 { [%clk 0:08:08] } 8. d5 { [%clk 0:09:43] } Qf5 { [%clk 0:07:55]
} 9. dxc6+ { [%clk 0:09:42] } Ke8 { [%clk 0:07:24] } 10. cxb7+ { [%clk 0:09:43]
} c6 { [%clk 0:06:49] } 11. bxa8=Q+ { [%clk 0:09:40] } Qc8 { [%clk 0:06:27] }
12. Qxc8# { [%clk 0:09:43] } 1-0

[Event "Королевский Гамбит. Южный Федеральный округ."]
[Date "2025-11-21"]
[Round "7.10"]
[Board "10"]
[White "Ярославцев Алексей"]
[WhiteElo "1018"]
[Black "Chekashov Egor"]
[BlackElo "997"]
[WebSite "https://www.chessopen.ru"]
[GameId "71e571c5-7bad-4fa6-b240-83917e564005"]
[Result "1-0"]

1. e4 { [%clk 0:10:00] } c5 { [%clk 0:10:01] } 2. Nf3 { [%clk 0:09:55] } e6 {
[%clk 0:10:03] } 3. d4 { [%clk 0:09:51] } cxd4 { [%clk 0:10:04] } 4. Nxd4 {
[%clk 0:09:47] } Nc6 { [%clk 0:10:06] } 5. Nc3 { [%clk 0:09:25] } Nf6 { [%clk
0:10:04] } 6. Be2 { [%clk 0:09:18] } d6 { [%clk 0:10:02] } 7. Bg5 { [%clk
0:09:14] } h6 { [%clk 0:09:59] } 8. Bh4 { [%clk 0:09:10] } Be7 { [%clk 0:09:59]
} 9. Qd2 { [%clk 0:08:57] } Nxd4 { [%clk 0:09:49] } 10. Qxd4 { [%clk 0:08:51] }
e5 { [%clk 0:09:51] } 11. Qd3 { [%clk 0:08:48] } Bg4 { [%clk 0:09:12] } 12.
Bxg4 { [%clk 0:08:42] } Nxg4 { [%clk 0:09:14] } 13. Bxe7 { [%clk 0:08:36] }
Qxe7 { [%clk 0:09:15] } 14. Nd5 { [%clk 0:08:29] } Qh4 { [%clk 0:09:12] } 15.
g3 { [%clk 0:08:22] } Qd8 { [%clk 0:08:08] } 16. Qb5+ { [%clk 0:08:13] } Qd7 {
[%clk 0:07:55] } 17. Nc7+ { [%clk 0:08:08] } Kd8 { [%clk 0:07:52] } 18. Qxd7+ {
[%clk 0:08:03] } Kxd7 { [%clk 0:07:53] } 19. Nxa8 { [%clk 0:08:02] } Rxa8 {
[%clk 0:07:55] } 20. O-O { [%clk 0:07:34] } Rc8 { [%clk 0:07:54] } 21. c3 {
[%clk 0:07:30] } Nf6 { [%clk 0:07:56] } 22. Rfe1 { [%clk 0:07:26] } Rc4 { [%clk
0:07:44] } 23. f3 { [%clk 0:07:21] } Nh7 { [%clk 0:07:11] } 24. Kf2 { [%clk
0:07:15] } Ng5 { [%clk 0:07:12] } 25. Rad1 { [%clk 0:07:08] } Nh3+ { [%clk
0:07:08] } 26. Kg2 { [%clk 0:07:04] } Ng5 { [%clk 0:07:07] } 27. f4 { [%clk
0:07:00] } Nxe4 { [%clk 0:07:04] } 28. b3 { [%clk 0:06:55] } Rxc3 { [%clk
0:06:42] } 29. Rxe4 { [%clk 0:06:53] } Rc2+ { [%clk 0:06:43] } 30. Kh3 { [%clk
0:06:51] } Rxa2 { [%clk 0:06:44] } 31. fxe5 { [%clk 0:06:43] } d5 { [%clk
0:04:23] } 32. Rxd5+ { [%clk 0:06:18] } Ke6 { [%clk 0:04:24] } 33. Rd6+ { [%clk
0:06:09] } Kf5 { [%clk 0:04:24] } 34. Re1 { [%clk 0:06:00] } b6 { [%clk
0:03:57] } 35. g4+ { [%clk 0:05:50] } Kf4 { [%clk 0:03:37] } 36. e6 { [%clk
0:05:34] } fxe6 { [%clk 0:03:28] } 37. Rdxe6 { [%clk 0:05:35] } Rf2 { [%clk
0:03:25] } 38. R1e4+ { [%clk 0:05:15] } Kg5 { [%clk 0:03:14] } 39. R4e5+ {
[%clk 0:05:00] } Kf4 { [%clk 0:03:14] } 40. Rf5# { [%clk 0:04:55] } 1-0

[Event "Королевский Гамбит. Южный Федеральный округ."]
[Date "2025-11-21"]
[Round "7.11"]
[Board "11"]
[White "Асламазян Эдмон"]
[WhiteElo "1028"]
[Black "Переверзева Мария"]
[BlackElo "1018"]
[WebSite "https://www.chessopen.ru"]
[GameId "7cd232c8-ebe9-4277-a01c-07540a03ae5b"]
[Result "1-0"]

1. e4 { [%clk 0:09:59] } e5 { [%clk 0:10:00] } 2. Nf3 { [%clk 0:09:49] } Nc6 {
[%clk 0:09:54] } 3. Bb5 { [%clk 0:09:40] } a6 { [%clk 0:09:53] } 4. Ba4 { [%clk
0:09:36] } Bb4 { [%clk 0:09:51] } 5. c3 { [%clk 0:09:30] } Ba5 { [%clk 0:09:48]
} 6. O-O { [%clk 0:09:26] } Nf6 { [%clk 0:09:43] } 7. Bxc6 { [%clk 0:09:22] }
dxc6 { [%clk 0:09:38] } 8. Nxe5 { [%clk 0:09:13] } O-O { [%clk 0:09:24] } 9. d3
{ [%clk 0:09:08] } Bg4 { [%clk 0:09:21] } 10. Nxg4 { [%clk 0:09:03] } Nxg4 {
[%clk 0:09:21] } 11. Qxg4 { [%clk 0:08:59] } Bb6 { [%clk 0:09:06] } 12. Qg3 {
[%clk 0:08:53] } c5 { [%clk 0:08:59] } 13. Na3 { [%clk 0:08:39] } c4 { [%clk
0:08:46] } 14. Nxc4 { [%clk 0:08:26] } Bc5 { [%clk 0:08:39] } 15. d4 { [%clk
0:08:17] } Bd6 { [%clk 0:08:36] } 16. e5 { [%clk 0:08:13] } Be7 { [%clk
0:08:28] } 17. Bh6 { [%clk 0:08:07] } f6 { [%clk 0:08:17] } 18. Qxg7# { [%clk
0:07:51] } 1-0

[Event "Королевский Гамбит. Южный Федеральный округ."]
[Date "2025-11-21"]
[Round "7.11"]
[Board "11"]
[White "Бланк алексей"]
[WhiteElo "1037"]
[Black "Шубин Денис"]
[BlackElo "982"]
[WebSite "https://www.chessopen.ru"]
[GameId "e1091bc7-fed6-40f6-8f7a-8ba647d1093a"]
[Result "1-0"]

1. d4 { [%clk 0:10:00] } f5 { [%clk 0:09:48] } 2. c4 { [%clk 0:10:00] } Nf6 {
[%clk 0:09:47] } 3. Nc3 { [%clk 0:10:01] } d5 { [%clk 0:09:48] } 4. Bf4 { [%clk
0:09:55] } Be6 { [%clk 0:09:50] } 5. cxd5 { [%clk 0:09:39] } Nxd5 { [%clk
0:09:45] } 6. Bg3 { [%clk 0:09:34] } f4 { [%clk 0:09:35] } 7. Bh4 { [%clk
0:09:14] } Nc6 { [%clk 0:09:09] } 8. e4 { [%clk 0:08:43] } Nxc3 { [%clk
0:08:58] } 9. bxc3 { [%clk 0:08:42] } Qd7 { [%clk 0:08:48] } 10. d5 { [%clk
0:08:42] } Bg4 { [%clk 0:08:45] } 11. f3 { [%clk 0:08:31] } Bh5 { [%clk
0:08:40] } 12. dxc6 { [%clk 0:08:31] } bxc6 { [%clk 0:08:39] } 13. Qxd7+ {
[%clk 0:08:32] } Kxd7 { [%clk 0:08:36] } 14. Rd1+ { [%clk 0:08:28] } Ke8 {
[%clk 0:08:32] } 15. Bc4 { [%clk 0:08:28] } Rb8 { [%clk 0:08:28] } 16. Bb3 {
[%clk 0:08:28] } c5 { [%clk 0:08:22] } 17. Ne2 { [%clk 0:08:25] } e5 { [%clk
0:08:16] } 18. O-O { [%clk 0:08:18] } Bd6 { [%clk 0:07:59] } 19. Rb1 { [%clk
0:08:07] } Rf8 { [%clk 0:07:46] } 20. Bd5 { [%clk 0:08:03] } Bf7 { [%clk
0:07:16] } 21. c4 { [%clk 0:08:02] } c6 { [%clk 0:07:13] } 22. Bxc6# { [%clk
0:07:59] } 1-0

[Event "Королевский Гамбит. Южный Федеральный округ."]
[Date "2025-11-21"]
[Round "7.11"]
[Board "11"]
[White "Губарев Матвей"]
[WhiteElo "970"]
[Black "Алексей Ахатов"]
[BlackElo "966"]
[WebSite "https://www.chessopen.ru"]
[GameId "be983e3e-4472-4e7f-9c4f-c24d82152b35"]
[Result "0-1"]

1. e4 { [%clk 0:10:00] } e5 { [%clk 0:09:57] } 2. Nc3 { [%clk 0:09:43] } Nf6 {
[%clk 0:09:50] } 3. d3 { [%clk 0:09:33] } Nc6 { [%clk 0:09:44] } 4. Bg5 { [%clk
0:09:33] } h6 { [%clk 0:09:39] } 5. Be3 { [%clk 0:09:33] } Ng4 { [%clk 0:09:32]
} 6. Qxg4 { [%clk 0:09:31] } d5 { [%clk 0:09:11] } 7. Nf3 { [%clk 0:09:30] }
Bxg4 { [%clk 0:09:07] } 8. O-O-O { [%clk 0:09:26] } Bxf3 { [%clk 0:09:03] } 9.
gxf3 { [%clk 0:09:27] } dxe4 { [%clk 0:09:04] } 10. dxe4 { [%clk 0:09:27] } Bd6
{ [%clk 0:08:51] } 11. Bb5 { [%clk 0:09:29] } O-O { [%clk 0:08:45] } 12. Bxc6 {
[%clk 0:09:30] } bxc6 { [%clk 0:08:46] } 13. a3 { [%clk 0:09:30] } Rb8 { [%clk
0:08:31] } 14. f4 { [%clk 0:09:27] } Qf6 { [%clk 0:08:18] } 15. fxe5 { [%clk
0:09:28] } Bxe5 { [%clk 0:08:15] } 16. f4 { [%clk 0:09:23] } Bxf4 { [%clk
0:08:05] } 17. Bxf4 { [%clk 0:09:24] } Qxf4+ { [%clk 0:08:05] } 18. Kb1 { [%clk
0:09:24] } Rb6 { [%clk 0:07:38] } 19. b4 { [%clk 0:09:22] } c5 { [%clk 0:07:31]
} 20. Rhf1 { [%clk 0:09:14] } Qxh2 { [%clk 0:07:24] } 21. a4 { [%clk 0:09:06] }
cxb4 { [%clk 0:07:20] } 22. Na2 { [%clk 0:09:05] } b3 { [%clk 0:07:18] } 23.
cxb3 { [%clk 0:09:05] } Rxb3+ { [%clk 0:07:16] } 24. Ka1 { [%clk 0:09:02] }
Qb2# { [%clk 0:07:16] } 0-1

[Event "Королевский Гамбит. Южный Федеральный округ."]
[Date "2025-11-21"]
[Round "7.11"]
[Board "11"]
[White "Тенгелиди Максим"]
[WhiteElo "1020"]
[Black "Скрылев Кирилл"]
[BlackElo "994"]
[WebSite "https://www.chessopen.ru"]
[GameId "3c53edcc-9aec-41a1-a786-310dc00ace03"]
[Result "1-0"]

1. e4 { [%clk 0:10:01] } e5 { [%clk 0:10:00] } 2. Nf3 { [%clk 0:10:03] } Nc6 {
[%clk 0:10:02] } 3. Bb5 { [%clk 0:10:04] } d6 { [%clk 0:10:00] } 4. Nc3 { [%clk
0:10:05] } Bd7 { [%clk 0:10:00] } 5. d3 { [%clk 0:10:04] } a6 { [%clk 0:10:02]
} 6. Ba4 { [%clk 0:10:06] } Nf6 { [%clk 0:09:52] } 7. Bg5 { [%clk 0:10:06] } h6
{ [%clk 0:09:51] } 8. Bh4 { [%clk 0:10:08] } Be7 { [%clk 0:09:51] } 9. Bxf6 {
[%clk 0:10:07] } Bxf6 { [%clk 0:09:51] } 10. Nd5 { [%clk 0:10:07] } O-O { [%clk
0:09:19] } 11. h3 { [%clk 0:10:03] } b5 { [%clk 0:08:38] } 12. Bb3 { [%clk
0:10:01] } Be6 { [%clk 0:08:13] } 13. c4 { [%clk 0:09:32] } Nd4 { [%clk
0:07:58] } 14. Nxd4 { [%clk 0:09:25] } exd4 { [%clk 0:07:58] } 15. cxb5 { [%clk
0:08:59] } axb5 { [%clk 0:07:57] } 16. Rc1 { [%clk 0:08:50] } c5 { [%clk
0:07:57] } 17. Qh5 { [%clk 0:08:28] } Bg5 { [%clk 0:06:27] } 18. f4 { [%clk
0:08:00] } Bh4+ { [%clk 0:06:01] } 19. Ke2 { [%clk 0:07:40] } Rc8 { [%clk
0:04:57] } 20. f5 { [%clk 0:07:26] } Bxd5 { [%clk 0:04:52] } 21. Bxd5 { [%clk
0:07:22] } Bg5 { [%clk 0:04:38] } 22. Rc2 { [%clk 0:06:38] } Qe7 { [%clk
0:04:06] } 23. h4 { [%clk 0:06:23] } Be3 { [%clk 0:02:58] } 24. g4 { [%clk
0:05:30] } Qe5 { [%clk 0:01:46] } 25. g5 { [%clk 0:05:30] } Qf4 { [%clk
0:01:41] } 26. g6 { [%clk 0:04:19] } Rce8 { [%clk 0:01:02] } 27. gxf7+ { [%clk
0:04:07] } Kh7 { [%clk 0:00:33] } 28. fxe8=Q { [%clk 0:03:48] } Rxe8 { [%clk
0:00:27] } 29. Qg6+ { [%clk 0:03:46] } Kh8 { [%clk 0:00:26] } 30. Qxe8+ { [%clk
0:03:47] } Kh7 { [%clk 0:00:26] } 31. Qg8# { [%clk 0:03:50] } 1-0

[Event "Королевский Гамбит. Южный Федеральный округ."]
[Date "2025-11-21"]
[Round "7.12"]
[Board "12"]
[White "Воронина Полина"]
[WhiteElo "1021"]
[Black "Коломейцева Евгения"]
[BlackElo "990"]
[WebSite "https://www.chessopen.ru"]
[GameId "1943360b-2f68-4276-bcb5-547e1a22d900"]
[Result "1-0"]

1. e4 { [%clk 0:10:01] } e5 { [%clk 0:10:01] } 2. d3 { [%clk 0:10:02] } Qg5 {
[%clk 0:09:56] } 3. Nc3 { [%clk 0:10:01] } Nc6 { [%clk 0:09:51] } 4. Bxg5 {
[%clk 0:09:59] } f6 { [%clk 0:09:51] } 5. Bh4 { [%clk 0:09:58] } Bc5 { [%clk
0:09:42] } 6. Nf3 { [%clk 0:09:59] } Nh6 { [%clk 0:09:28] } 7. a4 { [%clk
0:09:54] } Ng4 { [%clk 0:09:13] } 8. Qd2 { [%clk 0:09:42] } Bxf2+ { [%clk
0:09:00] } 9. Qxf2 { [%clk 0:09:34] } Nxf2 { [%clk 0:09:01] } 10. Kxf2 { [%clk
0:09:35] } d6 { [%clk 0:08:40] } 11. Kg1 { [%clk 0:09:27] } Be6 { [%clk
0:08:34] } 12. Rd1 { [%clk 0:09:12] } a5 { [%clk 0:08:02] } 13. Nb5 { [%clk
0:08:40] } O-O-O { [%clk 0:07:29] } 14. Re1 { [%clk 0:08:30] } g5 { [%clk
0:07:21] } 15. Bg3 { [%clk 0:08:18] } g4 { [%clk 0:07:18] } 16. Bh4 { [%clk
0:08:10] } Rhf8 { [%clk 0:07:09] } 17. d4 { [%clk 0:07:44] } gxf3 { [%clk
0:07:02] } 18. gxf3 { [%clk 0:07:43] } exd4 { [%clk 0:06:57] } 19. c3 { [%clk
0:06:18] } dxc3 { [%clk 0:06:30] } 20. bxc3 { [%clk 0:06:18] } Rg8+ { [%clk
0:06:26] } 21. Kf2 { [%clk 0:06:18] } Ne5 { [%clk 0:06:20] } 22. Bxf6 { [%clk
0:06:15] } Ng6 { [%clk 0:06:06] } 23. Bxd8 { [%clk 0:06:13] } Rxd8 { [%clk
0:06:05] } 24. Na7+ { [%clk 0:06:05] } Kb8 { [%clk 0:05:37] } 25. Nb5 { [%clk
0:05:58] } Rf8 { [%clk 0:03:55] } 26. Nd4 { [%clk 0:05:52] } Bd7 { [%clk
0:03:47] } 27. Ke2 { [%clk 0:05:44] } Bxa4 { [%clk 0:03:40] } 28. Ra1 { [%clk
0:05:31] } Bd7 { [%clk 0:03:16] } 29. Rxa5 { [%clk 0:05:28] } c5 { [%clk
0:02:50] } 30. Nc2 { [%clk 0:05:14] } b6 { [%clk 0:02:44] } 31. Ra6 { [%clk
0:05:04] } Bc8 { [%clk 0:02:43] } 32. Rxb6+ { [%clk 0:05:04] } Kc7 { [%clk
0:02:27] } 33. Rb5 { [%clk 0:04:57] } Ba6 { [%clk 0:02:23] } 34. Kf2 { [%clk
0:04:49] } Bxb5 { [%clk 0:02:23] } 35. Bxb5 { [%clk 0:04:42] } Rb8 { [%clk
0:02:19] } 36. Bc4 { [%clk 0:04:24] } Rb2 { [%clk 0:02:17] } 37. Be2 { [%clk
0:04:18] } Rxc2 { [%clk 0:02:17] } 38. Rg1 { [%clk 0:03:38] } Nf4 { [%clk
0:02:14] } 39. Rg7+ { [%clk 0:03:31] } Kc6 { [%clk 0:02:15] } 40. Rxh7 { [%clk
0:03:02] } Rxe2+ { [%clk 0:02:14] } 41. Kg3 { [%clk 0:03:00] } Nd3 { [%clk
0:02:09] } 42. h4 { [%clk 0:02:50] } Ne5 { [%clk 0:01:48] } 43. h5 { [%clk
0:02:38] } Re1 { [%clk 0:01:43] } 44. Kf4 { [%clk 0:02:27] } Rg1 { [%clk
0:01:38] } 45. h6 { [%clk 0:02:17] } Kb5 { [%clk 0:01:38] } 46. Rb7+ { [%clk
0:02:03] } Kc4 { [%clk 0:01:38] } 47. h7 { [%clk 0:02:02] } Kxc3 { [%clk
0:01:26] } 48. h8=Q { [%clk 0:02:01] } 1-0

[Event "Королевский Гамбит. Южный Федеральный округ."]
[Date "2025-11-21"]
[Round "7.12"]
[Board "12"]
[White "Замшина Арина"]
[WhiteElo "1028"]
[Black "Мещерина Екатерина"]
[BlackElo "979"]
[WebSite "https://www.chessopen.ru"]
[GameId "1d8a197a-3130-479e-afcd-c7377d522662"]
[Result "1-0"]

1. e4 { [%clk 0:10:01] } d5 { [%clk 0:09:51] } 2. Qh5 { [%clk 0:09:56] } Nf6 {
[%clk 0:09:45] } 3. Qd1 { [%clk 0:09:50] } dxe4 { [%clk 0:09:39] } 4. Nc3 {
[%clk 0:09:45] } e5 { [%clk 0:09:35] } 5. Qe2 { [%clk 0:09:40] } Bc5 { [%clk
0:09:35] } 6. b4 { [%clk 0:09:35] } b5 { [%clk 0:09:30] } 7. Qxb5+ { [%clk
0:09:25] } Nfd7 { [%clk 0:09:23] } 8. bxc5 { [%clk 0:09:21] } O-O { [%clk
0:09:15] } 9. c6 { [%clk 0:09:16] } Nxc6 { [%clk 0:09:13] } 10. Qxc6 { [%clk
0:09:11] } Bb7 { [%clk 0:09:10] } 11. Qxb7 { [%clk 0:09:07] } Rb8 { [%clk
0:09:11] } 12. Qxe4 { [%clk 0:09:02] } h6 { [%clk 0:09:07] } 13. Ba3 { [%clk
0:08:55] } c5 { [%clk 0:09:01] } 14. Rb1 { [%clk 0:08:46] } a5 { [%clk 0:08:59]
} 15. Rxb8 { [%clk 0:08:40] } Qxb8 { [%clk 0:08:57] } 16. Nf3 { [%clk 0:08:35]
} Qd8 { [%clk 0:08:53] } 17. Bd3 { [%clk 0:08:23] } Nf6 { [%clk 0:08:49] } 18.
Qc4 { [%clk 0:08:18] } Nd7 { [%clk 0:08:49] } 19. O-O { [%clk 0:08:13] } e4 {
[%clk 0:08:39] } 20. Nxe4 { [%clk 0:08:08] } Nf6 { [%clk 0:08:36] } 21. Nxf6+ {
[%clk 0:08:03] } gxf6 { [%clk 0:08:37] } 22. Qe4 { [%clk 0:07:58] } a4 { [%clk
0:08:35] } 23. Qh7# { [%clk 0:07:53] } 1-0